Utilisation of rubber wood in India (Record no. 72018)

MARC details
000 -LEADER
fixed length control field 00306nam a2200109Ia 4500
100 ## - MAIN ENTRY--AUTHOR NAME
Personal name Haridasan V
245 #0 - TITLE STATEMENT
Title Utilisation of rubber wood in India
260 ## - PUBLICATION, DISTRIBUTION, ETC. (IMPRINT)
Name of publisher International Rubber Conference India 1980
Year of publication 1980
700 ## - ADDED ENTRY--PERSONAL NAME
Personal name Krishnankutty P N
942 ## - ADDED ENTRY ELEMENTS (KOHA)
Koha item type Journals
Holdings
Withdrawn status Lost status Damaged status Not for loan Home library Current library Shelving location Date acquired Koha item type
      Journals RRII Library RRII Library Rubber general 17/12/2021 Journals